Statistics for Countries That Speak Balto-Slavic Languages

Click here to take the quiz!

General Stats

  • This quiz has been taken 117 times
  • The average score is 17 of 18

Answer Stats

LanguageCountry% Correct
Russian, BelarusianBelarus
97%
CzechCzech Republic
97%
RussianRussia
97%
SlovakSlovakia
97%
UkrainianUkraine
97%
Serbian, Croatian, BosnianBosnia and Herzegovina
96%
BulgarianBulgaria
96%
CroatianCroatia
96%
LatvianLatvia
96%
LithuanianLithuania
96%
Serbian, MontenegrinMontenegro
96%
MacedonianNorth Macedonia
96%
PolishPoland
96%
SloveneSlovenia
96%
SerbianSerbia
92%
SerbianKosovo
89%
RussianKazakhstan
88%
RussianKyrgyzstan
77%

Score Distribution

Percentile by Number Answered

Percent of People with Each Score

Your Score History

You have not taken this quiz